| 000 | 00689nam a2200229Ia 4500 | ||
|---|---|---|---|
| 003 | OSt | ||
| 005 | 20220926010639.0 | ||
| 006 | a|||||r|||| 00| 0 | ||
| 007 | ta | ||
| 008 | 220923b |||||||| |||| 00| 0 eng d | ||
| 037 | _cGeneral Book | ||
| 040 |
_aRTL _cRTL _beng |
||
| 041 |
_2eng _aeng |
||
| 082 | _aX991.1, K6/SC | ||
| 100 | _aBAIN Joe S | ||
| 245 | 0 |
_aInternational differences in industrial structure _b Eight nations in the 1950s. |
|
| 260 |
_aNew Haven _bYale university press _c1966 |
||
| 300 |
_axiv,209p. _ccm. |
||
| 490 | _aStudies in comparative economics;6 | ||
| 942 |
_hX991.1, K6/SC _cGB _2CC |
||
| 999 |
_c617888 _d617888 |
||